[Event "ODEM U25-A"]
[Site "Oberhof GER"]
[Date "2011.06.17"]
[Round "8.21"]
[White "Celmer,Ole"]
[Black "Linnemann,Niklas"]
[Result "1-0"]
[WhiteElo "1788"]
[BlackElo "1847"]

1.e4 c5 2.Nf3 e6 3.d4 cxd4 4.Nxd4 a6 5.Nc3 Nc6 6.Be3 Qc7 7.Bd3 Nf6 8.O-O b5
9.a3 Bb7 10.Qe2 Be7 11.f4 Nxd4 12.Bxd4 Bc5 13.Bxc5 Qxc5+ 14.Kh1 d6 15.Rad1 Nd7
16.Qg4 g6 17.Qh4 Qb6 18.f5 Qd8 19.Qf2 Qb6 20.fxe6 fxe6 21.Qf7+ Kd8 22.Qxe6 Kc7
23.Rf7 Rad8 24.Be2 Rhe8 25.Re7 Rh8 26.Bg4  1-0

[Event "DJEM U18 w"]
[Site "Oberhof GER"]
[Date "2011.06.17"]
[Round "8.4"]
[White "Stitterich,N"]
[Black "Stark,Sas"]
[Result "1-0"]
[WhiteElo "2015"]
[BlackElo "2019"]

1.e4 c5 2.Nf3 e6 3.Nc3 a6 4.d4 cxd4 5.Nxd4 Qc7 6.Bd3 Nf6 7.O-O Bd6 8.Kh1 Bf4
9.Qe2 Bxc1 10.Raxc1 d6 11.f4 Nbd7 12.Rce1 O-O 13.e5 Ne8 14.Bxh7+ Kxh7 15.Qh5+ Kg8
16.Rf3 Nb6 17.Ne4 f6 18.Rh3 d5 19.Ng5 fxg5 20.fxg5 Qc4 21.Nf3 Qf4 22.Rh4 Qf5
23.Rf1 Nd7 24.g4 Qf4 25.Qh7+ Kf7 26.Nd2 Qxf1+ 27.Nxf1 Nxe5 28.g6+ Ke7 29.Ng3 Bd7
30.Nh5 Bc6 31.Rh3 Kd6 32.Nxg7 Nxg7 33.Qxg7 Rf1+ 34.Kg2 Raf8 35.Rh7 d4+ 36.Kg3 R8f7
37.gxf7 Rf3+ 38.Kh4 Rxf7 39.Qxf7 Nxf7 40.Rxf7 e5 41.Rf6+ Ke7 42.g5 e4 43.Kg3 Bd5
44.b3 a5 45.h4 b5 46.h5 d3 47.cxd3 exd3 48.Rf2 b4 49.Kf4  1-0

[Event "TCh-CZE-SLO w Extraliga"]
[Site "Orlova CZE"]
[Date "2011.06.17"]
[Round "3"]
[White "Fuskova,M"]
[Black "Nemcova,Kat"]
[Result "0-1"]
[WhiteElo "1649"]
[BlackElo "2294"]

1.e4 c5 2.Nf3 e6 3.d4 cxd4 4.Nxd4 a6 5.Nc3 b5 6.a3 Bb7 7.Bd3 d6 8.O-O Nf6
9.Kh1 Nbd7 10.f4 Be7 11.Qe2 Qc7 12.Bd2 h5 13.Rae1 h4 14.Nf3 Nh5 15.e5 dxe5
16.fxe5 O-O-O 17.a4 Ng3+ 18.hxg3 hxg3+ 19.Kg1 Rh5 20.Ng5 Rdh8 21.Nh3 Bc5+
22.Be3 Rxe5 23.Nd1 Rxh3 24.gxh3 Qc6  0-1

[Event "Voronezh FIDE Open"]
[Site "Voronezh RUS"]
[Date "2011.06.17"]
[Round "6.13"]
[White "Kiselev,AS"]
[Black "Lebediantsev,R"]
[Result "1/2-1/2"]
[WhiteElo "2242"]
[BlackElo "2137"]

1.e4 c5 2.Nf3 e6 3.d4 cxd4 4.Nxd4 a6 5.Nc3 Qc7 6.Be2 Nf6 7.O-O Nc6 8.Be3 b5
9.Nxc6 dxc6 10.f4 Bb4 11.Bf3 Bb7 12.e5 Nd5 13.Bxd5 cxd5 14.Ne2 Rc8 15.c3 Be7
16.Bd4 g6 17.Rc1 O-O 18.Qd2 f5 19.exf6 Bxf6 20.Qe3 Rce8 21.Bxf6 Rxf6 22.Qe5 Qxe5
23.fxe5 Rf5 24.Rxf5 exf5 25.Nd4 Rxe5 26.a4 bxa4 27.Ra1 Kf7 28.Kf2 Kf6 29.Rxa4 Re7
30.Rb4 Bc8 31.Rb6+ Kf7 32.Rd6 Rd7 33.Rc6 Bb7 34.Rb6 Re7 35.b4 Bc8 36.Rc6 Bb7
37.Rb6 Bc8 38.Rc6 Bb7 39.Rb6 Bc8  1/2-1/2

[Event "14th Iraklio's Open"]
[Site "Athens GRE"]
[Date "2011.06.18"]
[Round "8"]
[White "Papadopoulos,Geo3"]
[Black "Petrakis,I"]
[Result "1/2-1/2"]
[WhiteElo "2015"]
[BlackElo "2216"]

1.e4 c5 2.Nf3 e6 3.d4 cxd4 4.Nxd4 a6 5.Nc3 Qc7 6.Bd3 Nf6 7.O-O Be7 8.Be3 b5
9.a3 d6 10.f4 Nbd7 11.Qf3 Bb7 12.Rae1 Nc5 13.Bf2 g6 14.h3 Ncd7 15.Qe3 e5
16.Nf3 exf4 17.Qxf4 Ne5 18.Nxe5 dxe5 19.Qf3 O-O 20.Be3 Nh5 21.Qg4 Bc5 22.Kh1 Bxe3
23.Rxe3 Rad8 24.Ne2 Qe7 25.Ng3 Nxg3+ 26.Qxg3 Kg7 27.Ref3 f5 28.Rxf5 Rxf5
29.Rxf5 Re8 30.Rf1 Rf8 31.Rxf8 Kxf8 32.Qf3+ Kg7 33.c4 Qc5 34.cxb5 axb5 35.Qe2 b4
36.Qc2 Qe3 37.axb4 Kh6 38.Qe2 Qc1+ 39.Kh2 Kg5 40.b5 h5 41.g3 Kh6 42.Qf2 Kg7
43.Qe2 h4 44.gxh4 Qf4+ 45.Kg2 Qxh4 46.Qg4 Qd8 47.Qe2 Bc8 48.Qe3 Bb7 49.Kg3 Bc8
50.Qa7+  1/2-1/2

[Event "3rd Gaudeamus Cup"]
[Site "Bucharest ROU"]
[Date "2011.06.18"]
[Round "2"]
[White "Dragomir,N"]
[Black "Munteanu,A"]
[Result "1-0"]
[WhiteElo "2090"]
[BlackElo "1896"]

1.e4 c5 2.Nf3 a6 3.Nc3 e6 4.d4 cxd4 5.Nxd4 Qc7 6.Bd3 Nf6 7.Qe2 d6 8.g4 Nc6
9.Nxc6 bxc6 10.b3 Be7 11.Bb2 h6 12.O-O-O e5 13.f3 Bb7 14.Bc4 Nd7 15.Na4 Nb6
16.Nxb6 Qxb6 17.Kb1 Rd8 18.f4 f6 19.fxe5 fxe5 20.Rhf1 Bf6 21.h4 d5 22.exd5 cxd5
23.Bxe5 O-O 24.Bxf6 Rxf6 25.Bd3 Rdf8 26.g5 Rxf1 27.Rxf1 Rxf1+ 28.Qxf1 hxg5
29.hxg5 Qe6 30.Qh1 Qe5 31.Bh7+ Kf8 32.Qf1+ Ke7 33.Bg8 d4 34.Qf7+ Kd6 35.Qg6+ Kc7
36.a4 Be4 37.Qxa6 Bc6 38.Qc4 Kb6 39.g6 Qc5 40.a5+ Qxa5 41.Qxd4+  1-0

[Event "3rd Gaudeamus Cup"]
[Site "Bucharest ROU"]
[Date "2011.06.18"]
[Round "3"]
[White "Georgescu,B"]
[Black "Neagu,Mihai-Cosmin"]
[Result "1-0"]
[WhiteElo "1807"]
[BlackElo "1899"]

1.e4 c5 2.Nf3 e6 3.Nc3 a6 4.d4 cxd4 5.Nxd4 Qc7 6.Bd3 Nf6 7.O-O Be7 8.Kh1 d6
9.f4 b5 10.a3 O-O 11.Nf3 Nbd7 12.Ng5 Bb7 13.Bd2 Rfd8 14.Qe2 g6 15.Rf3 h6
16.Nh3 Bf8 17.f5 Bg7 18.fxg6 fxg6 19.Raf1 Bc8 20.e5 dxe5 21.Bxg6 Bb7 22.Rg3 Rf8
23.Bd3 Kh8 24.Qe3 Rad8 25.Rxg7 Kxg7 26.Qxh6+ Kf7 27.Qh7+  1-0

[Event "DJEM U16"]
[Site "Oberhof GER"]
[Date "2011.06.18"]
[Round "9.2"]
[White "Stahnecker,L"]
[Black "Wagner,De"]
[Result "0-1"]
[WhiteElo "2087"]
[BlackElo "2240"]

1.e4 c5 2.Nf3 e6 3.d4 cxd4 4.Nxd4 a6 5.Nc3 Qc7 6.Be2 b5 7.O-O b4 8.Na4 Bb7
9.f4 Bxe4 10.Bf3 Nf6 11.Bxe4 Nxe4 12.f5 Bd6 13.Qf3 Bxh2+ 14.Kh1 Qe5 15.Re1 d5
16.Nc5 Qxd4 17.fxe6 O-O 18.Nxe4 dxe4 19.Qg4 f5 20.Qh5 Bd6 21.Bg5 Qe5  0-1

[Event "NK Internet Final 2011"]
[Site "PlayChess.com INT"]
[Date "2011.06.18"]
[Round "1.5"]
[White "Kleijn,C"]
[Black "Van Kampen,R"]
[Result "1-0"]
[WhiteElo "2429"]
[BlackElo "2490"]

1.e4 c5 2.Nf3 e6 3.d4 cxd4 4.Nxd4 a6 5.Nc3 Qc7 6.Be3 Nf6 7.a3 b5 8.f4 Bb7
9.e5 Nd5 10.Nxd5 Bxd5 11.Qd2 d6 12.exd6 Qxd6 13.Bd3 Nd7 14.O-O Be7 15.Qf2 O-O
16.Rad1 Qc7 17.c3 Nc5 18.Bb1 Bf6 19.Nxb5 axb5 20.Bxc5 Rfe8 21.Bd4 Qe7 22.Bxf6 Qxf6
23.Rd2 g6 24.Re1 Ra4 25.g3 h5 26.Bd3 Rb8 27.Bf1 h4 28.Bg2 Bxg2 29.Kxg2 Kg7
30.Qe3 hxg3 31.hxg3 Rh8 32.Qe5 Rh5 33.Qxf6+ Kxf6 34.Rd7 Rc4 35.Rb7 Rd5 36.Re2 Rc8
37.Kf3 Rc4 38.Rb8 Rc7 39.Rh8 Rcd7 40.Rhh2 g5 41.Re3 Rd8 42.Rhe2 gxf4 43.gxf4 Rh8
44.Re5 Rh5 45.Rxh5 Rxh5 46.Re4 Ke7 47.Re5 Rxe5 48.fxe5 f5 49.exf6+ Kxf6 50.Ke4 e5
51.b3 Ke6 52.a4 bxa4 53.bxa4 Kd6 54.c4 Kc5 55.a5  1-0

[Event "49th National Challengers ch-IND"]
[Site "Aurangabad IND"]
[Date "2011.06.19"]
[Round "6"]
[White "Sangma,R"]
[Black "Prasenjit,Dat"]
[Result "1-0"]
[WhiteElo "2367"]
[BlackElo "2283"]

1.e4 c5 2.Nf3 e6 3.d4 cxd4 4.Nxd4 a6 5.Nc3 Qc7 6.Bd3 b5 7.O-O Bb7 8.a3 Nf6
9.Qe2 d6 10.f4 Nbd7 11.Kh1 Be7 12.a4 b4 13.Na2 d5 14.e5 Ne4 15.Be3 g6 16.Qe1 h5
17.Nxb4 Ndc5 18.a5 h4 19.Kg1 h3 20.g3 g5 21.c3 gxf4 22.Bxf4 Nd7 23.Bc2 O-O-O
24.Ba4 Ndc5 25.Qe2 Rdg8 26.Bc6 Bg5 27.Bxb7+ Kxb7 28.Nxa6 Nxa6 29.Qb5+ Kc8
30.Qxa6+ Kd8 31.Bxg5+ Nxg5 32.Rxf7 Qxf7 33.Qa8+ Kc7 34.Nb5+ Kd7 35.Qb7+ Kd8
36.Qb8+ Ke7 37.Qd6+ Ke8 38.Nc7+ Qxc7 39.Qxc7 Rh7 40.Qc6+  1-0

[Event "4th Karen Asrian Memorial"]
[Site "Jermuk ARM"]
[Date "2011.06.19"]
[Round "4"]
[White "Ter Sahakyan,S"]
[Black "Kursova,M"]
[Result "1-0"]
[WhiteElo "2592"]
[BlackElo "2308"]

1.e4 c5 2.Nf3 e6 3.d4 cxd4 4.Nxd4 a6 5.Nc3 b5 6.Bd3 Ne7 7.Bg5 Bb7 8.O-O Nbc6
9.Nb3 Qb8 10.f4 Ng6 11.f5 Nge5 12.Qh5 h6 13.Be3 Bd6 14.a4 b4 15.Ne2 Ke7 16.Nf4 Qg8
17.Qh4+ f6 18.Nc5 Bc8 19.Be2 Bxc5 20.Bxc5+ d6 21.Be3 g5 22.fxg6 Nxg6 23.Nxg6+ Qxg6
24.Bh5 Qg7 25.Rf3 Bd7 26.Rg3 Qf8 27.Rf1 Ne5 28.Rxf6  1-0

[Event "4th Karen Asrian Memorial"]
[Site "Jermuk ARM"]
[Date "2011.06.19"]
[Round "4"]
[White "Hayrapetian,A"]
[Black "Kowsarinia,A"]
[Result "1/2-1/2"]
[WhiteElo "2352"]
[BlackElo "2190"]

1.e4 c5 2.Nf3 e6 3.d4 cxd4 4.Nxd4 a6 5.Nc3 Qc7 6.Qg4 g6 7.f4 b5 8.Bd3 Bg7
9.Be3 d6 10.Qh4 Nc6 11.Nxc6 Qxc6 12.e5 f5 13.exd6 b4 14.Ne2 Bxb2 15.Rb1 Bg7
16.Rxb4 Qxg2 17.Rg1 Qd5 18.Bd4 Bxd4 19.Rxd4 Qa5+ 20.Kf2 Qd8 21.Qh3 Kf7 22.Rxg6 Nf6
23.Rg3 Bb7 24.Qh6 Rg8 25.Rxg8 Qxg8 26.Qh3 Qd8 27.Bc4 Qa5 28.Qb3 Ng4+ 29.Kf1 Nxh2+
30.Kf2 Ng4+ 31.Kf1  1/2-1/2

[Event "7th Metropolitan IM"]
[Site "Los Angeles USA"]
[Date "2011.06.19"]
[Round "8"]
[White "Taylor,T"]
[Black "Inants,A"]
[Result "0-1"]
[WhiteElo "2296"]
[BlackElo "2290"]

1.e4 c5 2.Nf3 e6 3.d4 cxd4 4.Nxd4 a6 5.Nc3 b5 6.Bd3 Bb7 7.O-O d6 8.Re1 Nf6
9.a4 bxa4 10.Nxa4 Nbd7 11.c3 Be7 12.b4 O-O 13.Nb3 Qc7 14.Na5 Bc8 15.f4 e5
16.f5 d5 17.exd5 e4 18.Bxe4 Bd6 19.Kh1 Ne5 20.Qd4 Neg4 21.g3 Re8 22.Nb6 Rb8
23.Nxc8 Rbxc8 24.Ra2 Be5 25.d6 Bxd4 26.dxc7 Bxc3 27.Bd2 Nf2+ 28.Kg2 N2xe4
29.Bxc3 Nxc3 30.Rxe8+ Nxe8  0-1

[Event "25th Open Pula"]
[Site "Pula CRO"]
[Date "2011.06.19"]
[Round "2.12"]
[White "Fercec,N"]
[Black "Wauters,A"]
[Result "1-0"]
[WhiteElo "2453"]
[BlackElo "2149"]

1.e4 c5 2.Nf3 e6 3.d4 cxd4 4.Nxd4 a6 5.Nc3 Qc7 6.Qf3 Nc6 7.Nde2 Nf6 8.Bf4 d6
9.O-O-O b5 10.e5 dxe5 11.Bxe5 Nxe5 12.Qxa8 Be7 13.Ne4 O-O 14.Nxf6+ Bxf6 15.Qe4 Bb7
16.Qf4 Rc8 17.c3 Qa5 18.Kb1 Nc4 19.Rd7 Bd5 20.a3 Qa4 21.Rxd5 exd5 22.Nd4 Qd1+
23.Ka2 Bxd4 24.Qxd4 Nd2 25.Qd3 Qb3+ 26.Ka1 Ne4 27.c4 Qxd3 28.Bxd3 Nxf2 29.Bf5 Rxc4
30.Re1 g6 31.Bb1 Kf8 32.Ba2 Rd4 33.Bb3 a5 34.Re5 Nd3 35.Rxd5 Rxd5 36.Bxd5 Ke7
37.Ka2 f6 38.Kb3 Kd6 39.Bg8 h6 40.Kc3 Nf4 41.g3 Nd5+ 42.Kd4 Ne7 43.Bf7 g5
44.Be8 Nc6+ 45.Ke4 b4 46.Kf5 bxa3 47.bxa3 Ne5 48.Kxf6 Ng4+ 49.Kg6 Nxh2 50.Kxh6 g4
51.Kg5 Ke7 52.Bb5 Ke6 53.Kf4 Nf3  1-0

[Event "61st ch-RUS HL w"]
[Site "Taganrog RUS"]
[Date "2011.06.19"]
[Round "4"]
[White "Semenova,E"]
[Black "Ambartsumova,K"]
[Result "0-1"]
[WhiteElo "2188"]
[BlackElo "2303"]

1.e4 c5 2.Nf3 e6 3.d4 cxd4 4.Nxd4 a6 5.Nc3 Qc7 6.Be2 Nf6 7.O-O Bb4 8.Qd3 Nc6
9.Nxc6 bxc6 10.a3 Be7 11.f4 d5 12.Bf3 a5 13.Re1 Ba6 14.Qd4 O-O 15.Qf2 Rfd8
16.Bd2 Rab8 17.Rab1 d4 18.Nd1 a4 19.Rc1 Bc5 20.Kh1 Kh8 21.g4 Qe7 22.Qg2 e5
23.f5 Nd7 24.g5 g6 25.Be2 Bxe2 26.Qxe2 Re8 27.f6 Qe6 28.Rf1 Bf8 29.Rf3 c5
30.c4 Rb7 31.Rc2 Reb8 32.Bc1 Rb3 33.Nf2 Rxf3 34.Qxf3 Rb3 35.Qg4 Qc6 36.Kg2 Nb6
37.Qe2 Qe6 38.Bd2 h6 39.h4 Kh7 40.Ba5 Nd7 41.Nd3 h5 42.Kh2 Qa6 43.Bd2 Qb7
44.Be1 Bd6 45.Bf2 Nf8 46.Bg3 Ne6 47.Rc1 Kg8 48.Kg1 Qb8 49.Rd1 Qc8 50.Kh2 Bb8
51.Rf1 Nf4 52.Bxf4 exf4 53.Rf3 Qg4 54.Qf2 Rxd3 55.Rxd3 f3+ 56.Kh1 Qh3+ 57.Kg1 Bh2+
58.Qxh2 f2+ 59.Qxf2 Qxd3 60.e5 Qxc4 61.Qg2 Qc1+ 62.Kh2 Qf4+ 63.Kg1 Qe3+ 64.Qf2 Qxe5
65.Qf3 Qe1+ 66.Kg2 Qd2+ 67.Kg3 Qe1+ 68.Kh3 Qe6+ 69.Kh2 Qd6+ 70.Kg2 Qb8 71.Kf1 c4
72.Qc6 Qf4+ 73.Kg2 Qg4+ 74.Kf2 Qxh4+ 75.Ke2 Qh2+ 76.Kd1 Qg1+ 77.Kc2 d3+ 78.Kc3 Qe1+
79.Kd4 d2  0-1

[Event "Teplice Open"]
[Site "Teplice CZE"]
[Date "2011.06.19"]
[Round "9"]
[White "Vlasak,Lu"]
[Black "Kratochvil,Jo"]
[Result "1/2-1/2"]
[WhiteElo "2315"]
[BlackElo "2223"]

1.e4 c5 2.Nf3 e6 3.d4 cxd4 4.Nxd4 a6 5.Nc3 b5 6.Bd3 Bb7 7.O-O Qb6 8.Nb3 Qc7
9.Be3 Nf6 10.Qe2 Be7 11.f3 O-O 12.Qf2 Nc6 13.Rad1 Ne5 14.Bb6 Qb8 15.h3 b4
16.Ne2 d5 17.Bd4 Ng6 18.exd5 Bxd5 19.Bc5 Bxc5 20.Nxc5 a5 21.f4 Qc7 22.c4 bxc3
23.Bxg6 hxg6 24.Nxc3 Rfc8 25.Nd3 Rab8 26.Rc1 Bc4 27.Rfd1 Bxd3 28.Rxd3 Rb4
29.Rf1 Qb8 30.b3 Nh5 31.g3 Nf6 32.Rfd1 e5 33.fxe5 Qxe5 34.Qf3 Ne4 35.Nxe4 Rxe4
36.Rf1 f5 37.Qd1 Re8 38.Rdf3 Re2 39.Qd3 Rxa2 40.Qc4+ Qe6 41.Qxe6+ Rxe6 42.R1f2 Ree2
43.Rxe2 Rxe2 44.Rc3 Rb2 45.g4 Kf7 46.g5  1/2-1/2

[Event "Voronezh Master Open"]
[Site "Voronezh RUS"]
[Date "2011.06.19"]
[Round "7.41"]
[White "Redikultsev,B"]
[Black "Potapova,M"]
[Result "1-0"]
[WhiteElo "2084"]
[BlackElo "1852"]

1.e4 c5 2.Nc3 e6 3.Nf3 a6 4.d4 cxd4 5.Nxd4 b5 6.g3 Bb7 7.Bg2 Qc7 8.O-O Nf6
9.Re1 d6 10.Bg5 Be7 11.Bxf6 Bxf6 12.Ndxb5 axb5 13.Nxb5 Qb6 14.Nxd6+ Ke7 15.Nxb7 Bxb2
16.Rb1 Rxa2 17.e5 Rc8 18.Nd6 Rc5 19.Qh5 Rxc2 20.Qxf7+ Kd8 21.Qe8+ Kc7 22.Qc8+  1-0

[Event "49th National Challengers ch-IND"]
[Site "Aurangabad IND"]
[Date "2011.06.20"]
[Round "7"]
[White "Abhishek,D"]
[Black "Gusain,H"]
[Result "0-1"]
[WhiteElo "2346"]
[BlackElo "2224"]

1.e4 c5 2.Nf3 e6 3.d4 cxd4 4.Nxd4 a6 5.Nc3 Qc7 6.Bd3 Nf6 7.Qe2 d6 8.f4 Nbd7
9.g4 Nc5 10.g5 Nfd7 11.Bd2 Be7 12.O-O O-O 13.f5 Re8 14.Qf2 Ne5 15.f6 Bf8
16.Be2 b5 17.b4 Ncd7 18.Rae1 Bb7 19.Bd3 g6 20.h4 Qb6 21.Kg2 h5 22.gxh6 Kh7
23.Kh3 Rac8 24.Nce2 d5 25.exd5 Nxd3 26.cxd3 Bxd5 27.Nf4 e5 28.Nxd5 Qxd4 29.Qxd4 exd4
30.Ne7 Rc2 31.Nxg6 Rxe1 32.Nxf8+ Nxf8 33.Bxe1 Kxh6 34.Rf2 Rc6 35.Kg4 Nd7
36.Bd2+ Kh7 37.Bg5 Ne5+ 38.Kf5 Nxd3 39.Rd2 Nxb4 40.Rxd4 Rc5+ 41.Ke4 Nxa2
42.Rd7 Kg6 43.Rd8 Nc3+ 44.Ke3 b4 45.Kd4 Rb5 46.Rg8+ Kf5 47.Bd2 Ne4 48.h5 Nxd2  0-1

[Event "Baltija Cup Open A"]
[Site "Palanga LTU"]
[Date "2011.06.20"]
[Round "3.22"]
[White "Galuscak,Viktoras"]
[Black "Vaitonis,V"]
[Result "1/2-1/2"]
[WhiteElo "1827"]
[BlackElo "2044"]

1.e4 c5 2.Nc3 e6 3.Nf3 a6 4.d4 cxd4 5.Nxd4 d6 6.Be3 Nf6 7.g3 b5 8.a3 Bb7
9.Bg2 Nbd7 10.O-O Nc5 11.f3 Be7 12.Qe2 Qc7 13.Rfd1 O-O 14.Rd2 Rac8 15.Rad1 Rfe8
16.Qf2 Ncd7 17.Bf1 Ne5 18.Ndxb5 axb5 19.Nxb5 Qb8 20.Nxd6 Bxd6 21.Rxd6 Nxf3+
22.Qxf3 Bxe4 23.Qe2 Rxc2 24.R6d2 Qxb2 25.Bd4 Rxd2 26.Bxb2 Rxe2 27.Bxe2 Nd5
28.Bd4 e5 29.Bc5 Nc3 30.Rd2 Nxe2+ 31.Rxe2 Bd3 32.Rd2 e4 33.Kf2 f5 34.Rb2 Rc8
35.Bd4 Rc2+ 36.Rxc2 Bxc2 37.Ke3 Kf7 38.Kd2 Bd3 39.a4 g5 40.h4 h6 41.hxg5 hxg5
42.Be5 Kg6 43.Ke3 Kh5 44.a5 Kg4 45.Bd6 Ba6 46.Be5 Bb7 47.Bd6 Kh3 48.Kf2  1/2-1/2

[Event "64th ch-RUS HL"]
[Site "Taganrog RUS"]
[Date "2011.06.20"]
[Round "6"]
[White "Danin,A"]
[Black "Landa,K"]
[Result "1/2-1/2"]
[WhiteElo "2534"]
[BlackElo "2613"]

1.e4 c5 2.Nf3 e6 3.d4 cxd4 4.Nxd4 a6 5.Nc3 Qc7 6.Be2 Nf6 7.O-O Bb4 8.Bg5 Bxc3
9.Bxf6 gxf6 10.bxc3 Qxc3 11.Rb1 Nc6 12.Nxc6 bxc6 13.Rb3 Qe5 14.Qd3 a5 15.Rd1 Rb8
16.Rc3 Rb4 17.Rxc6 O-O 18.Rd6 Rxe4 19.Bf1 Kh8 20.c4 Rg8 21.Rb6 d5 22.cxd5 exd5
23.Qxd5 Qxd5 24.Rxd5 Re1 25.f3 Be6 26.Rd4 Rc1 27.Rb2 Rgc8 28.Ra4 R8c5 29.g4 Kg7
30.Rd2 Bd5 31.f4 Bc4 32.Rf2 Ra1 33.h3 f5 34.Kg2 Bd5+ 35.Kh2 fxg4 36.hxg4 f5
37.gxf5 Kf6 38.Ra3 h5 39.Bg2 Bxg2 40.Kxg2 Rxf5 41.Rc3 Rd5  1/2-1/2

[Event "Voronezh Master Open"]
[Site "Voronezh RUS"]
[Date "2011.06.20"]
[Round "8.26"]
[White "Denisov,I"]
[Black "Sukhareva,E"]
[Result "1-0"]
[WhiteElo "2323"]
[BlackElo "2194"]

1.e4 c5 2.Nf3 e6 3.d4 cxd4 4.Nxd4 a6 5.Nc3 Qc7 6.Be2 Nf6 7.O-O d6 8.a4 Be7
9.f4 O-O 10.Kh1 b6 11.e5 dxe5 12.fxe5 Nfd7 13.Bf4 Bb7 14.Bd3 g6 15.Qg4 Nc5
16.Bc4 Nc6 17.Nf3 Rad8 18.Bh6 Rfe8 19.Rae1 Rd7 20.Ne4 Nxe4 21.Rxe4 Bf8 22.Qh4 Ne7
23.Bxf8 Nf5 24.Qf4 Bxe4 25.Qxe4 Ne3 26.Bd3 Nxf1 27.Bd6 Qb7 28.Qf4 Rc8 29.c3 Qd5
30.Bxf1 Qd1 31.Ng5 h6 32.Ne4 Kg7 33.Nf6 Rxd6 34.exd6 e5 35.Qf2 Qxd6 36.Ne4 Qc6
37.Qe3  1-0

[Event "Voronezh Master Open"]
[Site "Voronezh RUS"]
[Date "2011.06.20"]
[Round "8.14"]
[White "Kalegin,E"]
[Black "Chekhov,S"]
[Result "1-0"]
[WhiteElo "2471"]
[BlackElo "2368"]

1.e4 c5 2.Nf3 e6 3.Nc3 a6 4.d4 cxd4 5.Nxd4 Qc7 6.Bd3 Nf6 7.O-O Nc6 8.Be3 Bd6
9.f4 Bc5 10.Nf5 Ne7 11.Nxg7+ Kf8 12.Bxc5 Qxc5+ 13.Kh1 Kxg7 14.e5 Ne8 15.Ne4 Qc7
16.Qh5 Ng6 17.Rf3 d6 18.Raf1 b5 19.Ng5 Ra7 20.Rh3 h6 21.Nxf7 Kxf7 22.Bxg6+ Ke7
23.Bxe8 Rxe8 24.Qxh6 Rf8 25.Rc3 Qd7 26.exd6+ Ke8 27.Qh5+ Kd8 28.Qg5+ Ke8
29.Qh5+ Kd8 30.f5 Bb7 31.Qh4+ Ke8 32.Qh5+ Kd8 33.Qg5+ Ke8 34.Re1 Bc6 35.Qg6+ Kd8
36.fxe6 Qxd6 37.Rd3 Bd5 38.e7+ Qxe7 39.Rxd5+ Kc8 40.Qg4+ Kb8 41.Qg3+ Ka8
42.h3 Qb4 43.Red1 Re7 44.Rd6 Qa5 45.c3 Ref7 46.Qd3 Qxa2 47.Qe4+ Kb8 48.Rd7 Rxd7
49.Rxd7 Qb1+ 50.Qxb1  1-0

[Event "25th Open Pula"]
[Site "Pula CRO"]
[Date "2011.06.21"]
[Round "4.14"]
[White "Antal,Ge"]
[Black "Maleki,Ma"]
[Result "1-0"]
[WhiteElo "2530"]
[BlackElo "2261"]

1.e4 c5 2.Nf3 e6 3.d4 cxd4 4.Nxd4 a6 5.Nc3 Qc7 6.Be2 Nf6 7.O-O Bb4 8.Qd3 Nc6
9.Nxc6 bxc6 10.Bg5 Be7 11.f4 Qb6+ 12.Kh1 Qxb2 13.e5 Ng8 14.Bxe7 Nxe7 15.Ne4 Qb8
16.Nd6+ Kf8 17.f5 exf5 18.Rab1 Qc7 19.Rxf5 f6 20.exf6 Nxf5 21.fxg7+ Nxg7
22.Qf3+ Ke7 23.Qf7+ Kxd6 24.Rd1+ Kc5 25.Qc4+ Kb6 26.Rb1+ Ka7 27.Qc5+  1-0

[Event "Voronezh Master Open"]
[Site "Voronezh RUS"]
[Date "2011.06.21"]
[Round "9.5"]
[White "Zhigalko,A"]
[Black "Tunik,G"]
[Result "0-1"]
[WhiteElo "2570"]
[BlackElo "2427"]

1.e4 c5 2.Nf3 e6 3.d4 cxd4 4.Nxd4 a6 5.Nc3 Qc7 6.Bd3 Nc6 7.Nxc6 dxc6 8.O-O Bd6
9.f4 e5 10.f5 Nf6 11.Kh1 h5 12.a4 a5 13.Bg5 b6 14.Qe2 Be7 15.Rad1 Bb7 16.Bc4 Rd8
17.Rxd8+ Qxd8 18.Rd1 Qc7 19.Rd2 h4 20.Rd3 h3 21.g4 Bc5 22.Bd2 b5 23.axb5 cxb5
24.Bxb5+ Kf8 25.Rg3 Qb6 26.Bd3 Qxb2 27.g5 Ne8 28.Qf1 Bd4 29.Nb5 Rh4 30.Rxh3 Rxh3
31.Qxh3 Qb1+ 32.Kg2 Qg1+ 33.Kf3 Qd1+ 34.Kg3 Qxd2 35.Qh8+ Ke7 36.h4 Qf2+ 37.Kh3 Qf3+
38.Kh2 Bf2  0-1

[Event "4th Karen Asrian Memorial"]
[Site "Jermuk ARM"]
[Date "2011.06.23"]
[Round "8"]
[White "Chibukhchian,A"]
[Black "Hayrapetian,O"]
[Result "1-0"]
[WhiteElo "2500"]
[BlackElo "2390"]

1.e4 c5 2.Nf3 e6 3.d4 cxd4 4.Nxd4 a6 5.Nc3 Qc7 6.Be2 Nc6 7.O-O Nf6 8.Be3 Bb4
9.Na4 Be7 10.Nxc6 bxc6 11.Nb6 Rb8 12.Nxc8 Rxc8 13.Bxa6 Rb8 14.Bd3 Rxb2 15.a4 Rb4
16.c3 Rb8 17.a5 d5 18.exd5 Nxd5 19.Bd2 O-O 20.Qc2 g6 21.a6 Bd6 22.g3 f5 23.c4 Nf6
24.c5 Be5 25.Rab1 f4 26.Rxb8 Rxb8 27.Rb1 Rf8 28.Rb7 Qd8 29.Bxg6 fxg3 30.hxg3 Bxg3
31.Bxh7+ Kh8 32.Bh6 Bxf2+ 33.Kf1 Nd7 34.Bxf8 Bd4 35.Qh2 Qxf8+ 36.Bf5+ Kg7
37.Qh7+ Kf6 38.Qg6+  1-0

[Event "64th ch-RUS HL"]
[Site "Taganrog RUS"]
[Date "2011.06.24"]
[Round "9"]
[White "Lastin,A"]
[Black "Stukopin,A"]
[Result "1-0"]
[WhiteElo "2617"]
[BlackElo "2471"]

1.e4 c5 2.Nf3 e6 3.d4 cxd4 4.Nxd4 a6 5.Nc3 Qc7 6.Bd3 Nf6 7.O-O b5 8.Qe2 Bb7
9.e5 Nd5 10.Nxd5 Bxd5 11.Re1 d6 12.Bf4 Nd7 13.exd6 Bxd6 14.Be4 Bxf4 15.Bxd5 Rb8
16.Nc6 Rb6 17.Bxe6 O-O 18.Ne7+ Kh8 19.Nd5 Bxh2+ 20.Kh1 Rxe6 21.Nxc7 Rxe2
22.Rxe2 Bxc7 23.Re7 Rd8 24.Rae1 g6 25.Re8+ Kg7 26.Rxd8 Bxd8 27.Rd1 Bf6 28.Rxd7 Bxb2
29.Ra7 Bd4 30.Rxa6 Bxf2 31.Rc6 Kf8 32.Rc8+  1-0

[Event "1st Torre delle Stelle Open A"]
[Site "Cagliari ITA"]
[Date "2011.06.25"]
[Round "5"]
[White "Shytaj,L"]
[Black "Kogan,Ar"]
[Result "1/2-1/2"]
[WhiteElo "2494"]
[BlackElo "2556"]

1.e4 c5 2.Nf3 e6 3.d4 cxd4 4.Nxd4 a6 5.Nc3 Qc7 6.Bd3 Bd6 7.Be3 Nf6 8.h3 Nc6
9.a4 Bf4 10.Bxf4 Qxf4 11.Nxc6 bxc6 12.a5 d5 13.Qd2 Qc7 14.O-O O-O 15.b4 Rd8
16.Rfe1 Bb7 17.e5 Nd7 18.Qf4 Rf8 19.Na4 f6 20.Qh4 h6 21.Nc5 Nxc5 22.bxc5 fxe5
23.f3 Rf6  1/2-1/2

[Event "Mukachevo Summer"]
[Site "Mukachevo UKR"]
[Date "2011.06.26"]
[Round "9"]
[White "Shkuran,D"]
[Black "Kalinina,O"]
[Result "1-0"]
[WhiteElo "2371"]
[BlackElo "2222"]

1.e4 c5 2.Nf3 e6 3.d4 cxd4 4.Nxd4 a6 5.Nc3 Qc7 6.g3 Bb4 7.Bd2 Nf6 8.Bg2 Nc6
9.Nb3 Be7 10.f4 d6 11.Qe2 b5 12.a3 O-O 13.O-O Bb7 14.Be3 Rfe8 15.g4 Nd7 16.g5 Nb6
17.Rad1 Nc4 18.Bc1 Qb6+ 19.Kh1 a5 20.Rf3 b4 21.Nb1 g6 22.a4 Ba6 23.Qe1 d5
24.e5 d4 25.Rh3 Rad8 26.Rdd3 Ne3 27.Rdxe3 dxe3 28.Bxe3 Qc7 29.N1d2 Bb7 30.Ne4 Nb8
31.Nd4 h5 32.gxh6 Bd5 33.Bf2 Qb7 34.Bf3 Nc6 35.Nb5 Qd7 36.Kg1 Nb8 37.Nbd6 Bxe4
38.h7+ Kg7 39.Nxe8+ Rxe8 40.Qxe4 Rh8 41.Qb7 Qxb7 42.Bxb7 Nd7 43.Bc6 Nf8 44.Rd3 g5
45.fxg5 Ng6 46.h4 Rxh7 47.Be4 Rh8 48.Rd7 Rd8 49.Rxd8 Bxd8 50.Bxg6 Kxg6 51.Kg2 Kf5
52.Kg3 Bc7 53.Bd4 Ke4 54.c3 Bb8 55.Kg4 bxc3 56.bxc3 Bxe5 57.h5 f5+  1-0

[Event "TCh-SUI 2011"]
[Site "Switzerland SUI"]
[Date "2011.06.26"]
[Round "5.2"]
[White "Sokolov,And1"]
[Black "Charnushevich,A"]
[Result "1/2-1/2"]
[WhiteElo "2583"]
[BlackElo "2505"]

1.e4 c5 2.Nf3 e6 3.d4 cxd4 4.Nxd4 a6 5.Nc3 Qc7 6.Bd3 Nc6 7.Nxc6 bxc6 8.O-O Nf6
9.b3 d5 10.Bb2 Bd6 11.h3 O-O 12.Re1 e5 13.Qf3 Be6 14.Rad1  1/2-1/2

[Event "ch-Commonwealth RSA-Open"]
[Site "Ekurhuleni RSA"]
[Date "2011.06.28"]
[Round "6"]
[White "Cawdery,D"]
[Black "Kunte,A"]
[Result "1/2-1/2"]
[WhiteElo "2274"]
[BlackElo "2526"]

1.e4 c5 2.Nf3 e6 3.d4 cxd4 4.Nxd4 a6 5.Nc3 Qc7 6.Bd3 g6 7.O-O Bg7 8.Nde2 d6
9.Bf4 Nf6 10.Qd2 O-O 11.Rad1 b5 12.Ng3 b4 13.Nce2 a5 14.c3 e5 15.Bh6 Qb6
16.Be3 Qb7 17.Bc4 Ng4 18.Qxd6 Nc6 19.Bc5 Re8 20.Qd3 Be6 21.Bd5 Nf6 22.f4 Rad8
23.c4  1/2-1/2

[Event "TCh-TUR 2011"]
[Site "Konya TUR"]
[Date "2011.06.29"]
[Round "2"]
[White "Korkmaz,N"]
[Black "Pantsulaia,L"]
[Result "0-1"]
[WhiteElo "2189"]
[BlackElo "2613"]

1.e4 c5 2.Nf3 e6 3.d4 cxd4 4.Nxd4 a6 5.Nc3 b5 6.Bd3 Qb6 7.Nce2 Bb7 8.O-O Nf6
9.Be3 Qc7 10.a4 b4 11.c3 Bxe4 12.Bxe4 Nxe4 13.cxb4 Bxb4 14.Rc1 Qb7 15.Qb3 a5
16.Nb5 Na6 17.f3 Nec5 18.Nd6+ Ke7 19.Qd1 Qc6 20.Ne4 Rac8 21.b3 d5 22.Nxc5 Nxc5
23.Nd4 Qd7 24.Nb5 Rhd8 25.Rf2 e5 26.Re2 Kf8 27.Bxc5+ Bxc5+ 28.Kh1 f6 29.Qd3 g6
30.Rd1 Kg7 31.Nc3 Bb4 32.Nb5 Rc5 33.Rc2 Rdc8 34.Rdc1 e4 35.fxe4 Rxc2 36.Rxc2 Rxc2
37.Qxc2 dxe4 38.Qc7 Qxc7 39.Nxc7 e3 40.Ne6+ Kf7 41.Nd4 Bc5 42.Ne2 Ke6 43.Kg1 Ke5
44.Kf1 Ke4 45.Ke1 Bd6 46.Kd1 Bxh2 47.Nc1 Bd6 48.Ke2 f5 49.Nd3 f4 50.Nc1 g5
51.Na2 Kd5  0-1

[Event "7th A Ermaka Memorial"]
[Site "Zaporizhzhia UKR"]
[Date "2011.06.29"]
[Round "6.8"]
[White "Kovalenko,I"]
[Black "Kushch,N"]
[Result "1-0"]
[WhiteElo "2581"]
[BlackElo "2381"]

1.e4 c5 2.Nf3 e6 3.d4 cxd4 4.Nxd4 a6 5.Nc3 Qc7 6.Bd3 Nc6 7.Be3 Bd6 8.Nxc6 dxc6
9.Qg4 Kf8 10.f4 e5 11.f5 Nf6 12.Qf3 h5 13.h3 h4 14.a4 Nh5 15.O-O Qe7 16.Ne2 Bc5
17.a5 Bd7 18.Rad1 Rd8 19.Bc4 Rh6 20.Kh2 Bxe3 21.Qxe3 Be8 22.Qf3 Nf6 23.Rxd8 Qxd8
24.Qa3+ Qe7 25.Qxe7+ Kxe7 26.Nc3 g6 27.b4 Bd7 28.fxg6 Rxg6 29.Na4 Rg7 30.Nc5 Bc8
31.Be2 Rg3 32.Rf3 Rg8 33.Bc4 Rg7 34.g4 hxg3+ 35.Rxg3 Rh7 36.Be2 Rh8 37.Kg2 Rh4
38.Rg5 Kd6 39.Bg4 Nxg4 40.hxg4 Rh8 41.Kg3 Re8 42.Kf3 Rh8 43.Kg3 Re8 44.Rg7 Ke7
45.g5 Kf8 46.Rh7 Kg8 47.g6 fxg6 48.Rc7 Rf8 49.Kh4 Bf5 50.Kg5 Bh3 51.Kxg6 Rd8
52.Rxb7 Rd6+ 53.Kg5  1-0